00648nam a22002177a 450000500170000001000130001702000110003003500130004103700160005404000120007008200110008210000290009324501110012226000390023327000560027230000200032865000250034865000180037370000200039170000190041120170124110120.0 aB-035996 c150.00 aB-035996 bCen Lib/Ret aDPLbEN aNbSTE aStevenson, Robert Louis  aDr. Jekyll & Mr. Hyde /cby Robert Louis Stevenson; edited by Reema Prashar; illustratde by Shankar Nayak  aNew Delhi bS.K. Publishers c2000 bNew Delhi aA-47 Amar Colony, Lajpat Nagar e110024 a168p.c17cm(Hb) aLiterature xFiction aEnglish novel aPrashar, Reema  aNayak Shankar